| 000 -ლიდერი |
| ფიქსირებული სიგრძის საკონტროლო ველი |
01419nam a22002177a 4500 |
| 003 - საკონტროლო ნომრის იდენტიფიკატორი |
| საკონტროლო ველი |
Ge_BSU |
| 005 - ბოლო ოპერაციის თარიღი და დრო |
| საკონტროლო ველი |
20230712143256.0 |
| 008 - ფიქსირებული სიგრძის მონაცემთა ელემენტები - ზოგადი ინფორმაცია |
| ფიქსირებული სიგრძის საკონტროლო ველი |
230712s1994ge xxu||||| |||| 00| 0 geo d |
| 041 ## - ენის კოდი |
| Language code of text/sound track or separate title |
geo |
| 080 ## - უნივერსალური ათობითი კლასიფიკაციის ინდექსი |
| Universal Decimal Classification number |
913.1(479.22) გ-82 |
| 100 ## - მთავარი ჩანაწერი - პიროვნების სახელი |
| Personal name |
გრიგოლია, გურამ, ავტორი. |
| 9 (RLIN) |
19269 |
| 245 ## - ცნობა სათაურის შესახებ |
| Title |
ეგრის-ლაზიკის სამეფოს საისტორიო გეოგრაფიის პრობლემები / |
| Statement of responsibility, etc |
გ. გრიგოლია ; რედ. მ. იმნაძე |
| 264 ## - წარმოების, გამოცემის, დისტრიბუციის და სხვა ცნობები |
| გამოცემის, წარმოების, დისტრიბუციის... ადგილი |
თბილისი : |
| გამოცემის, წარმოების, დისტრიბუციის... სახელწოდება |
მეცნიერება, |
| გამოცემის, წარმოების, დისტრიბუციის... თარიღი |
1994. |
| 300 ## - ფიზიკური აღწერა |
| Extent |
152 გვ. : |
| Other physical details |
რუკა ; |
| Dimensions |
21 სმ. |
| 504 ## - BIBLIOGRAPHY, ETC. NOTE |
| Bibliography, etc |
ბიბლიოგრაფია ტექსტის შენიშვნებში. |
| 520 ## - SUMMARY, ETC. |
| Summary, etc |
რეზიუმე გერმანულ ენაზე. |
| 653 ## - INDEX TERM--UNCONTROLLED |
| Uncontrolled term |
საქართველოს ისტორიული გეოგრაფია. ეგრის-ლაზიკის სამეფო. |
| 700 ## - ADDED ENTRY--PERSONAL NAME |
| Personal name |
იმნაძე, მ |
| Relator term |
რედაქტორი |
| 9 (RLIN) |
1559 |
| 710 ## - ADDED ENTRY--CORPORATE NAME |
| Corporate name or jurisdiction name as entry element |
საქართველოს მეცნიერებათა აკადემია, ი. ჯავახიშვილის სახელობის ისტორიისა და ეთნოგრაფიის ინსტიტუტი. |
| 9 (RLIN) |
19270 |
| 942 ## - ADDED ENTRY ELEMENTS (KOHA) |
| Source of classification or shelving scheme |
|
| Koha item type |
წიგნი |